| 000 | 00570pab a2200193 454500 | ||
|---|---|---|---|
| 008 | 180718b2009 xxu||||| |||| 00| 0 eng d | ||
| 100 | _aChaudhry, Anjali | ||
| 245 | _aA sensemaking model of employee evaluation of psychological contract fulfillment: when and how do employees respond to change? | ||
| 260 | _c2009 | ||
| 300 | _ap.498-520. | ||
| 362 | _aDec | ||
| 650 | _aEmployees | ||
| 650 | _aPerformance appraisal | ||
| 700 | _aSchalk, Rene | ||
| 700 | _aWayne, Sandy J. | ||
| 773 | _aJournal of Applied Behavioral Science | ||
| 908 | _aN | ||
| 909 | _a85463 | ||
| 999 |
_c85463 _d85463 |
||